00645nam a2200217Ia 450000500170000000800410001704000190005804100120007708200180008910000150010724500580012226000380018030000140021850400190023265000140025165100220026585000110028794200070029899900170030595201050032220240422135656.0131103s9999 xx 000 0 und d aLoreto College aEnglish a370.954 bKEA aKeay, F.E. aIndian Education in Ancient and Later TimescF.E.Keay aLondonbGeoffrey cumberlegec1956 aix,197p.  aIncludes index aEducation aEducation - India aLCBED  cBK c25798d76277 00102ddc4070aMAINbMAINd2013-11-04l0o370.954 KEA 9138pB28639r2013-11-04w2013-11-04yBKf